Quizzes
Events
Quiz Creation
Community
Videos
Private Events
Remove Ads
Sign In
Join for FREE
Feedback
Dark Mode
Quiz Categories
Sports
Geography
Music
Movies
Television
Just For Fun
Miscellaneous
History
Literature
Language
Science
Gaming
Entertainment
Religion
Holiday
For Kids
Quiz Lab
Recent
Popular Today
Quiz Kudos Today
Editor Picks
Curator Picks
Quizzes by...
Day
Popularity
Type
Ratings
Length
Year
Community
Subscriptions
Recent Discussions
Orange Saloon
Badges
Playlists
Quests
Create
Leaderboards
Showdown
Live 5
Trivia Bingo
Activity
Puzzle Library
Sporcle Events
Private Events
Virtual Trivia
Globe League
Become a Host
Pub Owners
SporcleCon
Opinionation
Our Games
Videos
Blog
Mobile Apps
Partnerships
Remove Ads and Go Orange
Feedback
Geography
Country
Landmarks
City
State
Population
World
Capital
Continent
Flags
Europe
Africa
Asia
South America
North America
Oceania
Border
Canada
United Kingdom
Topography
United States
Geography
Country
Landmarks
City
State
Population
World
Capital
Continent
Flags
Europe
Africa
Asia
South America
North America
Oceania
Border
Canada
United Kingdom
Topography
United States
Random Quiz
Search Sporcle
×
Quiz Lab
Quiz Lab
Geography
Country
Type in answers that appear in a list
Type in answers that appear in a list
Classic
Best Score? Go Orange.
World countries in Norwegian Stats
Can you name the country names in Norwegian?
By
masva
15m
196 Questions
278 Plays
278 Plays
278 Plays
Comments
Comments
Give Quiz Kudos
Give Quiz Kudos
-
- Ratings
hide this ad
More Info
Replay
Link that replays current quiz
Next Quiz
Link to next quiz in quiz playlist
You Got
0%
They Got
Avg Score
49%
Avg Friend Score
Upgrade to see
Score Distribution
Jump to the score distribution portion of the page
Score
0/196
Timer
15:00
0
Plays Today
% Correct
Norge
91.7%
Sverige
87.7%
Danmark
87%
Russland
83%
Island
81.5%
Spania
79.7%
Finland
79.7%
Tyskland
79%
USA
79%
Kina
77.9%
Japan
77.2%
Canada
75.7%
Frankrike
75%
Italia
74.6%
Brasil
74.3%
Polen
73.2%
Portugal
72.5%
Hellas
71.7%
Irland
71.7%
India
71.4%
Australia
70.7%
Argentina
69.9%
Nord Korea
68.8%
Mexico
68.5%
Irak
68.1%
Latvia
67.4%
Nederland
67.4%
Estland
67%
Egypt
66.7%
Belgia
66.3%
Storbritannia
65.9%
Iran
65.2%
Chile
64.5%
Hviterussland
64.5%
Albania
64.1%
Slovakia
63.8%
Slovenia
63.4%
Bulgaria
62.7%
Sør Korea
62.7%
Ukraina
62.3%
Sør Afrika
62%
Andorra
61.2%
Peru
61.2%
Sveits
61.2%
Kroatia
60.9%
Serbia
60.9%
Ungarn
60.9%
Indonesia
60.5%
Israel
60.5%
Thailand
60.5%
Litauen
60.1%
Malta
59.8%
Romania
59.8%
Tyrkia
59.4%
Pakistan
59.1%
Syria
57.6%
Bosnia Hercegovina
57.2%
Afghanistan
56.5%
Colombia
56.5%
Luxembourg
56.5%
New Zealand
56.5%
Uruguay
56.5%
Mongolia
56.2%
Moldova
55.4%
Østerrike
55.4%
Makedonia
55.1%
% Correct
Tsjekkia
55.1%
Kosovo
54.7%
Kypros
54.7%
Somalia
54.7%
Sudan
54.7%
Marokko
54.3%
Paraguay
54.3%
Niger
54%
Jordan
53.6%
Kongo
53.6%
San Marino
53.6%
Cuba
53.3%
Montenegro
53.3%
Bolivia
52.9%
Libya
52.9%
Monaco
52.9%
Malaysia
52.5%
Ghana
51.8%
Georgia
51.8%
Madagaskar
51.8%
Venezuela
51.8%
Jamaica
51.4%
kenya
51.4%
Nigeria
51.4%
Vietnam
51.4%
Eritrea
51.1%
Liechtenstein
51.1%
Nepal
51.1%
Vatikanstaten
50.4%
Jemen
50%
Mali
49.6%
Oman
49.6%
Armenia
48.6%
Etiopia
48.6%
Saudi Arabia
48.6%
Libanon
48.2%
Tanzania
48.2%
Laos
47.1%
Sri Lanka
47.1%
Zimbabwe
47.1%
Angola
46.7%
Lesotho
46.7%
Algerie
46.4%
Uganda
46%
Guinea
45.7%
Gambia
45.3%
Bangladesh
44.9%
Haiti
44.9%
Namibia
44.9%
Rwanda
44.9%
Panama
44.6%
Zambia
44.6%
Filippinene
44.2%
Fiji
44.2%
Qatar
44.2%
Tunisia
44.2%
Elfenbenskysten
43.8%
Togo
43.8%
Ecuador
43.5%
Singapore
43.5%
Guatemala
43.1%
Guyana
42.8%
Senegal
42.8%
Usbekistan
42.4%
Swaziland
42%
Liberia
41.7%
% Correct
Bhutan
41.3%
Myanmar
41.3%
Costa Rica
40.6%
Honduras
40.6%
Kambodsja
40.6%
Burundi
39.9%
Turkmenistan
39.5%
Belize
39.1%
Guinea Bissau
39.1%
Maldivene
38.8%
Maldivene
38.8%
Bahamas
38.4%
Benin
38.4%
Botswana
38%
El Salvador
38%
Surinam
38%
Kamerun
37.7%
Kuwait
37.7%
Mauritania
37.7%
Gabon
37.3%
Kasakhstan
37.3%
Tsjad
37%
Brunei
36.6%
Djibouti
36.6%
Malawi
36.6%
Bahrain
36.2%
Mosambik
35.9%
Sierra Leone
35.9%
Mauritius
35.5%
Trinidad og Tobago
35.5%
Barbados
35.1%
Dominica
35.1%
Burkina Faso
34.8%
Papua Ny Guinea
34.8%
Nauru
34.4%
Palau
34.1%
Kapp Verde
33.7%
kirgisistan
33.7%
Sao Tome og Principe
33.7%
Seychellene
33.7%
Tuvalu
33.7%
Mikronesiaføderasjonen
33%
Den dominikanske republikk
32.6%
Kiribati
32.2%
De forente arabiske emirater
31.9%
Tonga
31.9%
Vanuatu
31.9%
Grenada
31.2%
Den sentralafrikanske republikk
30.1%
Øst Timor
30.1%
Ekvatorial Guinea
29.7%
Saint Lucia
29.7%
Samoa
29.7%
Marshalløyene
29%
Antigua og Barbuda
28.3%
Aserbajdsjan
28.3%
Komorene
27.9%
Saint Kitts og Nevis
26.1%
Tadsjikistan
26.1%
Salomonøyene
25%
Saint Vincent og Grenadinene
22.1%
Kongo Brazzaville
17.8%
Nicaraqua
17%
Niue
15.6%
Quiz Playlist
Details
Report
Send in Message
Add To Playlist
More Info:
try and name all the countries in the world in 15 minutes
Classic:
Type in answers that appear in a list
Quiz Source
Last Updated: Feb 16, 2017
Quiz Scoreboard
CHALLENGE
Sign Up to Join the Scoreboard
Show All
Scores
Hide
Comments
May contain spoilers
Recently Published
Alphabetical 'K' Countries by Flag Minefield
by ylime102
Geography
3m
Pick 6: Fruits
by JohnFran
Miscellaneous
15s
Click the 1999 NBA Draft
by nibperrychub
Sports
2m
More to Explore
Quiz From the Vault
Featured Blog Post
15 Basketball Trivia Facts You Can Be March Mad About
hide this ad
You Might Also Like...
Tags
Country Quiz
World Quiz
Norwegian
Today's Top Quizzes in Geography
Browse Geography
hide this ad
Today's Top Quizzes in Country
Browse Country
Top Contributed Quizzes in Geography
1
Countries of the World - No Outlines Minefield
2
Pick 6: Mountains
3
Alphabetical 'L' Countries By Flag Minefield
4
Lietuvos savivaldybės (Lithuanian Municipalities)
5
Least Populated Answer: 'G' Countries
6
African Flag Reveal XXXVI
7
Pick 6: US States
8
Pick 6: National Parks
9
Alphabetical 'M' Countries By Flag Minefield
10
Complete the Map Snippet (Minefield) IX
Explore More
Trending Topics
Crossword
Marvel
NBA
Harry Potter
Kpop
Anime
Disney
Puzzle
Song
Country
NFL
WWE
The Office
Pokémon
Soccer
hide this ad
More By:
masva
Quiz
Plays
Rating
Category
Featured
Created
World countries in Norwegian
278
2.29
Geography
Mar 21, 2011
Go to Creator's Profile
Score Distribution
Quiz Creator Spotlight
masva
Follow
Send a Message
Quizzes Created
-
Created Quiz Play Count
-
More By This Creator
Popular Quizzes Today
1
Find the US States - No Outlines Minefield
2
Countries of Asia Without Outlines Minefield
3
Pick 6: Fruits
4
Alphabetical 'K' Countries by Flag Minefield
5
The Countries of the World
6
Find the US States
7
Match the Book to the Film X
8
Click the 1999 NBA Draft
More Geography Quizzes
Oceanian Monarchies
Quiz Lab
Trending Quizzes
Pick 6: Mountains
Pick 6: Harry Potter
Pick 6: NFL Teams
Pick 6: Movie Franchises
Pick 6: Golfers
Recently Updated
NWSL Teams
pecheneg
Women's Final Four Teams by Year
bhenderson79
Presidents Quartet II
eogle
Anything But Clue(do)
eogle
Anything But Oceanian Capitals
eogle
Anything But 7
eogle
Anything But Thing
eogle
Word Ladder: February 29
pecheneg
Song Title Questions
pecheneg
Women's NCAA Tournament #1 Seeds
pecheneg
Trending Topics
Kpop
Harry Potter
Anime
Marvel
Crossword
Disney
NBA
NFL
Song
Soccer
Pokémon
The Office
Puzzle
WWE
Country
Your Account Isn't Verified!
In order to create a playlist on Sporcle, you need to verify the email address you used during registration. Go to your
Sporcle Settings
to finish the process.
Report this User
Report this user for behavior that violates our
Community Guidelines
.
Details:
Send Report
Go to the Sporcle.com Mobile Site →
Comments